000 00578nam a22001937a 4500
003 BD-DhJNU
005 20250209062457.0
008 250209b |||||||| |||| 00| 0 eng d
020 _a9780192854216
040 _aBD-DhJNU
_bENG
_cBD-DhJNU
_dBD-DhJNU
082 _223
_a100
100 _aCraig, Edward
245 _aPhilosophy :
_ba very short introduction /
_cEdward Craig
260 _aNew York :
_bOxford University Press,
_c2002.
300 _a132 p. :
_bill. ;
_c18 cm.
504 _aincludes bibliographical reference and index
650 _aPhilosophy
942 _2ddc
_cBK
_n0
999 _c1273
_d1273